[Event "28th WSCC2018 - Open 65+"]
[Site "Bled"]
[Date "2018.11.19"]
[Round "2.27"]
[White "Biller, Helmut"]
[Black "Gruzmann, Boris"]
[Result "0-1"]
[WhiteElo "2035"]
[BlackElo "2215"]
[PlyCount "57"]
[EventDate "2018.11.18"]

1. c4 e5 2. Nc3 Nc6 3. g3 g6 4. Bg2 Bg7 5. e4 d6 6. Nge2 Be6 7. d3 Qd7 8. Nd5
Nd8 9. O-O c6 10. Ndc3 Bh3 11. Kh1 h5 12. Ng1 Bxg2+ 13. Kxg2 h4 14. h3 Ne6 15.
Be3 f5 16. Nce2 Nf6 17. exf5 gxf5 18. d4 exd4 19. Nxd4 Nxd4 20. Bxd4 Ne4 21.
Qd3 O-O-O 22. Ne2 Rdg8 23. Rh1 hxg3 24. fxg3 Nxg3 25. Nxg3 f4 26. Bf2 Bxb2 27.
Rad1 Be5 28. Rdf1 Rh6 29. Qe4 0-1

[Event "28th WSCC2018 - Open 65+"]
[Site "Bled"]
[Date "2018.11.19"]
[Round "2.28"]
[White "Lind, Jan-Olov"]
[Black "Harding, Tim D"]
[Result "1/2-1/2"]
[WhiteElo "2215"]
[BlackElo "2027"]
[PlyCount "119"]
[EventDate "2018.11.18"]

1. e4 c6 2. d4 d5 3. exd5 cxd5 4. c4 Nf6 5. Nc3 Nc6 6. Nf3 Bg4 7. cxd5 Nxd5 8.
Be2 e6 9. O-O Be7 10. Ne4 O-O 11. h3 Bh5 12. Ng3 Bg6 13. Bd3 Bxd3 14. Qxd3 Ndb4
15. Qd2 Qd5 16. a3 Na2 17. Qd3 Nxc1 18. Raxc1 Rfd8 19. Rfd1 g6 20. Ne4 Qf5 21.
Qe3 Bd6 22. Nxd6 Rxd6 23. Ne5 Rad8 24. Ng4 Kh8 25. d5 Rxd5 26. Qc3+ f6 27. Rxd5
exd5 28. Nh6 d4 29. Qxc6 bxc6 30. Nxf5 gxf5 31. Rxc6 d3 32. Rc1 Kg7 33. Rd1 Kg6
34. f4 Rd4 35. Kf2 Rxf4+ 36. Ke3 Re4+ 37. Kxd3 Kg5 38. Rf1 Ra4 39. Rf3 h5 40.
Kc2 Re4 41. Kd3 h4 42. b4 Re1 43. a4 Ra1 44. a5 Ra2 45. Kc4 Rxg2 46. Ra3 Rg3
47. Ra1 Kf4 48. b5 Ke5 49. b6 axb6 50. axb6 Kd6 51. Kb5 Kd7 52. Ka6 Rxh3 53. b7
Rb3 54. Ka7 Ke6 55. b8=Q Rxb8 56. Kxb8 f4 57. Rh1 Kf5 58. Rxh4 f3 59. Rh1 Kf4
60. Kc7 1/2-1/2

[Event "28th WSCC2018 - Open 65+"]
[Site "Bled"]
[Date "2018.11.19"]
[Round "2.29"]
[White "Sorcnik, Franc"]
[Black "Privara, Igor"]
[Result "0-1"]
[WhiteElo "2028"]
[BlackElo "2207"]
[PlyCount "46"]
[EventDate "2018.11.18"]

1. e4 c5 2. Nf3 Nc6 3. d4 cxd4 4. Nxd4 g6 5. Nc3 Bg7 6. Nde2 Nf6 7. g3 d6 8.
Bg2 h5 9. h3 Bd7 10. a3 Qc8 11. f4 Rb8 12. Qd3 b5 13. Nd4 Nxd4 14. Qxd4 O-O 15.
Bd2 a5 16. e5 b4 17. axb4 axb4 18. exf6 Bxf6 19. Nd5 Bxd4 20. Nxe7+ Kg7 21.
Nxc8 Rfxc8 22. Ra6 Bxb2 23. Be4 Re8 0-1

[Event "28th WSCC2018 - Open 65+"]
[Site "Bled"]
[Date "2018.11.19"]
[Round "2.30"]
[White "Furman, Boris"]
[Black "Pitzl, Konstantinos"]
[Result "1/2-1/2"]
[WhiteElo "2206"]
[BlackElo "2020"]
[PlyCount "67"]
[EventDate "2018.11.18"]

1. d4 Nf6 2. c4 g6 3. Nc3 Bg7 4. Nf3 O-O 5. Bg5 c5 6. d5 h6 7. Bh4 g5 8. Bg3 d6
9. e3 Nh5 10. Bd3 Nxg3 11. hxg3 f5 12. Nd2 e5 13. g4 e4 14. Bc2 Bxc3 15. bxc3
Qf6 16. gxf5 Bxf5 17. Bxe4 Kg7 18. Qh5 Rh8 19. Bxf5 Qxf5 20. Rh3 Nd7 21. Rf3
Qg6 22. Qxg6+ Kxg6 23. Ne4 b6 24. Nxd6 Ne5 25. Rg3 Rad8 26. f4 Nd3+ 27. Kd2
Nxf4 28. exf4 Rxd6 29. fxg5 hxg5 30. Re1 Rf8 31. Re5 Rf5 32. Rxf5 Kxf5 33. Rf3+
Kg4 34. Rd3 1/2-1/2

[Event "28th WSCC2018 - Open 65+"]
[Site "Bled"]
[Date "2018.11.19"]
[Round "2.31"]
[White "Singer, Hans"]
[Black "Marcovici, Adrian"]
[Result "1-0"]
[WhiteElo "2186"]
[BlackElo "1910"]
[PlyCount "101"]
[EventDate "2018.11.18"]

1. d4 d5 2. c4 e6 3. Nc3 Nf6 4. Bg5 Be7 5. e3 h6 6. Bh4 O-O 7. Nf3 b6 8. Bxf6
Bxf6 9. cxd5 exd5 10. Rc1 Be6 11. Be2 a6 12. O-O Nd7 13. b4 c6 14. a4 Qe7 15.
Qb3 Qd6 16. Rfd1 Rfc8 17. a5 Be7 18. Na4 bxa5 19. bxa5 Bd8 20. Qc3 Qc7 21. Ra1
Qxa5 22. Qxa5 Bxa5 23. Nc5 Nxc5 24. Rxa5 Nd7 25. Rxa6 Rxa6 26. Bxa6 Rb8 27. Rc1
Rb6 28. Bc8 Kf8 29. Bxd7 Bxd7 30. Ne5 Be8 31. h4 Ke7 32. Ra1 Rb7 33. Ra6 Rc7
34. Nd3 f6 35. Nc5 Kd6 36. Ra8 Re7 37. Kh2 h5 38. Kg3 g5 39. Rc8 g4 40. Kf4 Bg6
41. Rd8+ Kc7 42. Rf8 Rf7 43. Rxf7+ Bxf7 44. Kf5 Kd6 45. Kxf6 Be8 46. g3 Kc7 47.
Ne6+ Kd6 48. Ng7 Bd7 49. Nxh5 c5 50. dxc5+ Kxc5 51. Ke5 1-0

[Event "28th WSCC2018 - Open 65+"]
[Site "Bled"]
[Date "2018.11.19"]
[Round "2.32"]
[White "Cokan, Mirko"]
[Black "Hartung-Nielsen, Jens"]
[Result "0-1"]
[WhiteElo "1677"]
[BlackElo "2186"]
[PlyCount "50"]
[EventDate "2018.11.18"]

1. e4 c5 2. Nf3 g6 3. Nc3 Bg7 4. Bc4 Nc6 5. O-O e6 6. Re1 d6 7. d3 Nge7 8. a3
O-O 9. Be3 d5 10. Bxc5 dxc4 11. d4 b6 12. Bxe7 Nxe7 13. Qe2 Qc7 14. Rad1 Bd7
15. e5 b5 16. Qd2 Bc6 17. Qe2 Rad8 18. Ng5 Nf5 19. Qg4 Qe7 20. Nge4 h5 21. Qg5
Qxg5 22. Nxg5 Nxd4 23. Rd2 Bh6 24. f4 Bxg5 25. Red1 Bxf4 0-1

[Event "28th WSCC2018 - Open 65+"]
[Site "Bled"]
[Date "2018.11.19"]
[Round "2.33"]
[White "Kierzek, Matthias"]
[Black "Korenevski, Oleg"]
[Result "1-0"]
[WhiteElo "2182"]
[BlackElo "1797"]
[PlyCount "41"]
[EventDate "2018.11.18"]

1. d4 d5 2. c4 e6 3. Nf3 c6 4. Qc2 Nf6 5. Bf4 Bd6 6. e3 Qc7 7. g3 dxc4 8. Bxc4
Nbd7 9. Bxd6 Qxd6 10. Nc3 b5 11. Be2 Bb7 12. O-O a6 13. Ne4 Nxe4 14. Qxe4 f5
15. Qh4 c5 16. dxc5 Nxc5 17. Ng5 Qe7 18. Bh5+ Kf8 19. Qd4 Rd8 20. Qxc5 Qxc5 21.
Nxe6+ 1-0

[Event "28th WSCC2018 - Open 65+"]
[Site "Bled"]
[Date "2018.11.19"]
[Round "2.35"]
[White "Wahlbom, Magnus"]
[Black "Zharokov, Biket"]
[Result "1-0"]
[WhiteElo "2173"]
[BlackElo "1629"]
[PlyCount "77"]
[EventDate "2018.11.18"]

1. e4 c5 2. Nf3 e6 3. d4 cxd4 4. Nxd4 a6 5. c4 Qc7 6. Nc3 Nc6 7. Be3 Nf6 8. a3
Be7 9. Be2 h5 10. h3 b6 11. Nxc6 dxc6 12. f4 g6 13. e5 Nd7 14. Ne4 Bb7 15. Nd6+
Bxd6 16. exd6 Qd8 17. O-O c5 18. b4 Rc8 19. Qb3 Be4 20. Rad1 O-O 21. Bc1 f5 22.
Bb2 Kh7 23. Qc3 Qf6 24. Qxf6 Nxf6 25. d7 Rcd8 26. Bxf6 Rxf6 27. Rd6 cxb4 28.
axb4 Rf7 29. Rfd1 Bc2 30. R1d4 Re7 31. c5 bxc5 32. bxc5 e5 33. fxe5 Rxe5 34. c6
Rc5 35. Rc4 Rxc4 36. Bxc4 Ba4 37. c7 Rxd7 38. c8=Q Rxd6 39. Qg8+ 1-0

[Event "28th WSCC2018 - Open 65+"]
[Site "Bled"]
[Date "2018.11.19"]
[Round "2.36"]
[White "Tunik, Gennady"]
[Black "Sciupokas, Arunas"]
[Result "1/2-1/2"]
[WhiteElo "2365"]
[BlackElo "1981"]
[Annotator "uporabnik"]
[PlyCount "66"]
[EventDate "2018.11.18"]

1. d4 Nc6 2. Nf3 d5 3. Bf4 Nf6 4. e3 Bg4 5. h3 Bxf3 6. Qxf3 e6 7. a3 Bd6 8. Bg5
Be7 9. c4 O-O 10. Nc3 dxc4 11. Bxc4 e5 12. d5 Nxd5 13. Bxd5 Bxg5 14. Bxc6 bxc6
15. Qxc6 Qd3 16. Qe4 Qa6 17. O-O-O Rab8 18. Na4 Be7 19. Rd2 Bb4 20. axb4 Qxa4
21. Kb1 Qxb4 22. Qxb4 Rxb4 23. Rc1 Rb7 24. Rd7 Rfb8 25. Rc2 c6 26. Rxb7 Rxb7
27. Rxc6 Kf8 28. Kc2 Ke7 29. g4 Kd7 30. Ra6 Kc8 31. g5 Rc7+ 32. Kd3 Kb7 33. Ra2
Kb8 {....79} 1/2-1/2

[Event "28th WSCC2018 - Open 65+"]
[Site "Bled"]
[Date "2018.11.19"]
[Round "2.37"]
[White "Pushkov, Nikolai"]
[Black "Myall, Ivan J"]
[Result "1-0"]
[WhiteElo "2324"]
[BlackElo "1995"]
[PlyCount "85"]
[EventDate "2018.11.18"]

1. d4 Nf6 2. c4 e6 3. Nc3 Bb4 4. e3 O-O 5. Nge2 b6 6. a3 Be7 7. Ng3 d5 8. cxd5
exd5 9. Bd3 Re8 10. O-O Bf8 11. b4 Bb7 12. Qc2 g6 13. Bb2 Nbd7 14. b5 Bh6 15.
h3 Nf8 16. a4 Ne6 17. Rfe1 Qd7 18. a5 Ng5 19. f4 Nge4 20. Ngxe4 dxe4 21. Bc4
Bxf4 22. a6 Bc8 23. Qf2 Bg5 24. Rf1 Rf8 25. Ba3 c5 26. dxc5 Qc7 27. Nd5 Nxd5
28. Bxd5 Be6 29. Bxa8 Rxa8 30. Rfc1 Qd8 31. Rd1 Qc7 32. Rac1 Qe5 33. Bb2 Qf5
34. cxb6 axb6 35. Qxf5 gxf5 36. Bd4 Bd8 37. Be5 Bb3 38. Rd4 Be7 39. Rd7 Bc5 40.
Rxc5 bxc5 41. b6 Be6 42. b7 Re8 43. Rd2 1-0

[Event "28th WSCC2018 - Open 65+"]
[Site "Bled"]
[Date "2018.11.19"]
[Round "2.38"]
[White "Muratoglu, Salih"]
[Black "Rovira Mas, Jorge"]
[Result "1-0"]
[WhiteElo "1942"]
[BlackElo "2290"]
[PlyCount "93"]
[EventDate "2018.11.18"]

1. e4 c5 2. Nf3 e6 3. d4 cxd4 4. Nxd4 a6 5. Nc3 Qc7 6. Bd3 Nf6 7. O-O Be7 8.
Be3 b5 9. a3 d6 10. Qf3 Bb7 11. Rad1 Nbd7 12. Qg3 g6 13. Bh6 Nc5 14. Qf3 Nfd7
15. Qg3 Ne5 16. Bg7 Rg8 17. Bxe5 dxe5 18. Nf3 Nd7 19. Be2 O-O-O 20. Rd3 Nc5 21.
Re3 Bd6 22. b4 Nd7 23. Rd1 Bc6 24. Ng5 Nb6 25. Rf3 Rg7 26. Qh3 Be8 27. Nd5 Qb7
28. Nf6 Bf8 29. Rxd8+ Kxd8 30. Rd3+ Bd7 31. Ngxh7 Be7 32. Qh6 Rxh7 33. Nxh7
Qxe4 34. Rd1 Qf4 35. Qxf4 exf4 36. g3 e5 37. h4 f6 38. gxf4 exf4 39. Rd4 g5 40.
h5 Ke8 41. c4 bxc4 42. h6 Kf7 43. Bh5+ Kg8 44. Bg6 f3 45. Kf1 Bc6 46. Nxf6+
Bxf6 47. Rd6 1-0

[Event "28th WSCC2018 - Open 65+"]
[Site "Bled"]
[Date "2018.11.19"]
[Round "2.39"]
[White "Rooze, Jan"]
[Black "Diaz Franco, Francisco Jorge"]
[Result "1-0"]
[WhiteElo "2288"]
[BlackElo "1960"]
[PlyCount "24"]
[EventDate "2018.11.18"]

1. e4 c6 2. d4 d5 3. e5 c5 4. dxc5 Nc6 5. Nf3 Bg4 6. c3 Bxf3 7. Qxf3 e6 8. Be3
Nxe5 9. Bb5+ Nc6 10. c4 Nf6 11. Nc3 Qa5 12. O-O O-O-O 1-0

[Event "28th WSCC2018 - Open 65+"]
[Site "Bled"]
[Date "2018.11.19"]
[Round "2.40"]
[White "Shevelev, Arkady"]
[Black "Danielsson, Robert"]
[Result "1-0"]
[WhiteElo "2278"]
[BlackElo "1968"]
[PlyCount "63"]
[EventDate "2018.11.18"]

1. e4 c5 2. Nf3 Nc6 3. d4 cxd4 4. Nxd4 g6 5. Nc3 Bg7 6. Nde2 Nf6 7. g3 b5 8. a3
Rb8 9. Bg2 O-O 10. O-O d6 11. h3 Bd7 12. Kh2 Na5 13. b3 Qc7 14. Rb1 h6 15. Bd2
Rfc8 16. Rc1 Nb7 17. Be3 a5 18. Bd4 e5 19. Be3 b4 20. axb4 axb4 21. Nd5 Nxd5
22. Qxd5 Qa5 23. Qd2 Kh7 24. Ra1 Qb5 25. c4 bxc3 26. Nxc3 Qxb3 27. Nd5 Qc2 28.
Qxc2 Rxc2 29. Rfb1 Bc6 30. Nb4 Rc4 31. Nxc6 Rxc6 32. Ba7 1-0

[Event "28th WSCC2018 - Open 65+"]
[Site "Bled"]
[Date "2018.11.19"]
[Round "2.41"]
[White "Cebalo, Miso"]
[Black "Tavcar, Rado"]
[Result "1-0"]
[WhiteElo "2262"]
[BlackElo "1847"]
[PlyCount "90"]
[EventDate "2018.11.18"]

1. d4 d5 2. Nf3 e6 3. c4 c6 4. Nc3 f5 5. Bf4 Bd6 6. Bxd6 Qxd6 7. e3 Nd7 8. Qc2
Ngf6 9. cxd5 Nxd5 10. a3 O-O 11. Be2 N7f6 12. O-O Nxc3 13. bxc3 b6 14. Ne5 Bb7
15. Bf3 Nd7 16. Nxd7 Qxd7 17. c4 Rae8 18. Rfd1 Qc7 19. c5 b5 20. a4 a6 21. axb5
axb5 22. Qb3 Kh8 23. Ra7 Qc8 24. Qa3 Rd8 25. Qa5 Rd7 26. Qb6 Rfd8 27. Rb1 Ba8
28. Rba1 Bb7 29. g3 g6 30. h4 Kg7 31. Kg2 h6 32. Rb1 Ba8 33. Rxa8 Qxa8 34. Bxc6
Qa2 35. Rxb5 f4 36. gxf4 Qe2 37. Bf3 Qc4 38. Rb4 Qc3 39. Ra4 g5 40. Qxe6 gxf4
41. Qg4+ Kh7 42. Qxf4 Rg7+ 43. Kh3 Qb3 44. Ra6 Qd3 45. Rxh6+ Kg8 1-0

[Event "28th WSCC2018 - Open 65+"]
[Site "Bled"]
[Date "2018.11.19"]
[Round "2.42"]
[White "Reynolds, D Ian W"]
[Black "Stepovoj, Vladimir"]
[Result "0-1"]
[WhiteElo "1969"]
[BlackElo "2261"]
[PlyCount "86"]
[EventDate "2018.11.18"]

1. e4 e6 2. d4 d5 3. Nc3 dxe4 4. Nxe4 Nd7 5. Nf3 Ngf6 6. Bd3 Nxe4 7. Bxe4 Nf6
8. Bd3 c5 9. O-O cxd4 10. Bb5+ Bd7 11. Bxd7+ Qxd7 12. Qxd4 Qxd4 13. Nxd4 Bc5
14. Nf3 Ke7 15. Bg5 Rhd8 16. Rad1 h6 17. Bxf6+ Kxf6 18. g3 Bb6 19. Kg2 e5 20.
Nd2 Ke6 21. Nc4 Rxd1 22. Rxd1 Rd8 23. Rxd8 Bxd8 24. Ne3 f5 25. c4 Bb6 26. Kf3
Bd4 27. b3 g6 28. Ke2 Kd6 29. h3 e4 30. Nd5 b5 31. f3 bxc4 32. bxc4 exf3+ 33.
Kxf3 g5 34. h4 Bc5 35. Nf6 Ke6 36. Nd5 Ke5 37. hxg5 hxg5 38. Ne3 g4+ 39. Ke2
Ke4 40. Ng2 Bd6 41. Kf2 Kd3 42. Nh4 f4 43. Nf5 Bc5+ 0-1

[Event "28th WSCC2018 - Open 65+"]
[Site "Bled"]
[Date "2018.11.19"]
[Round "2.43"]
[White "Doubleday, William G"]
[Black "Barle, Janez"]
[Result "0-1"]
[WhiteElo "1929"]
[BlackElo "2259"]
[PlyCount "72"]
[EventDate "2018.11.18"]

1. d4 d5 2. c4 e5 3. dxe5 d4 4. Nf3 Nc6 5. a3 Nge7 6. b4 Ng6 7. Bb2 a5 8. b5
Ncxe5 9. Nxe5 Nxe5 10. Qxd4 Qxd4 11. Bxd4 Nxc4 12. e4 Be6 13. Be2 O-O-O 14. Bc3
f6 15. a4 b6 16. Nd2 Nxd2 17. Bxd2 Bc5 18. Bc3 Bd4 19. Bxd4 Rxd4 20. f3 Bb3 21.
Bd1 Bxd1 22. Rxd1 Rxa4 23. Kf2 Ra2+ 24. Kg3 Rd8 25. Rxd8+ Kxd8 26. Rd1+ Kc8 27.
f4 Rb2 28. Rd5 a4 29. Rd4 a3 30. Ra4 a2 31. Kf3 Kd7 32. Rd4+ Ke7 33. Ra4 Kd6
34. Ra7 Kc5 35. Rxc7+ Kb4 36. Ra7 Rb3+ 0-1

[Event "28th WSCC2018 - Open 65+"]
[Site "Bled"]
[Date "2018.11.19"]
[Round "2.44"]
[White "Bondar, Leonid"]
[Black "Baum, Bernd"]
[Result "0-1"]
[WhiteElo "1931"]
[BlackElo "2252"]
[Annotator "uporabnik"]
[PlyCount "69"]
[EventDate "2018.11.18"]

1. e4 c5 2. Nf3 Nc6 3. d4 cxd4 4. Nxd4 g6 5. Nc3 Bg7 6. Be3 Nf6 7. Bc4 O-O 8.
Bb3 e6 9. O-O d5 10. exd5 Nxd5 11. Nxd5 exd5 12. Qd2 Na5 13. Bh6 b6 14. Bxg7
Kxg7 15. c3 Bb7 16. f4 Nc4 17. Qf2 Qf6 18. Rae1 Rfe8 19. Bd1 Nd6 20. g3 Ne4 21.
Qg2 Nc5 22. Qd2 Ne4 23. Qg2 Nc5 24. Qc2 Rac8 25. Qd2 Rcd8 26. Bf3 Ne4 27. Qg2
Qd6 28. f5 Re5 29. Bxe4 dxe4 30. Qf2 Rd7 31. Qf4 Re8 32. f6+ Kh8 33. Qg5 Qf8
34. Qf4 Qc5 35. b3 {...unclear...74} 0-1

[Event "28th WSCC2018 - Open 65+"]
[Site "Bled"]
[Date "2018.11.19"]
[Round "2.45"]
[White "Bregoszewski, Leon"]
[Black "Karnar, Marijan"]
[Result "1/2-1/2"]
[WhiteElo "1632"]
[BlackElo "2226"]
[PlyCount "84"]
[EventDate "2018.11.18"]

1. d4 Nf6 2. f4 d5 3. e3 c5 4. Nf3 Nc6 5. c3 cxd4 6. exd4 Bg4 7. Bd3 e6 8. Qe2
Be7 9. O-O O-O 10. Nbd2 Re8 11. Qf2 Bf5 12. Qe2 Qb6 13. Kh1 a5 14. Ne5 a4 15.
a3 Bf8 16. Rg1 Nxe5 17. fxe5 Bxd3 18. Qxd3 Nd7 19. Nf3 f6 20. exf6 Nxf6 21. Rf1
Qa6 22. Qd1 Bd6 23. Be3 Qb5 24. Qc2 Ne4 25. Rae1 Rf8 26. Bc1 Rac8 27. Kg1 Qc4
28. Qe2 b5 29. Qxc4 bxc4 30. Nd2 Rxf1+ 31. Rxf1 Nxd2 32. Bxd2 Rb8 33. Bc1 Rb7
34. g3 h6 35. Kg2 Kh7 36. Re1 Re7 37. Bf4 Bxf4 38. gxf4 Kg6 39. Kg3 Kf6 40. h4
g6 41. Re2 Rg7 42. Re5 Rb7 1/2-1/2

[Event "28th WSCC2018 - Open 65+"]
[Site "Bled"]
[Date "2018.11.19"]
[Round "2.46"]
[White "Kolbak, Jens"]
[Black "Batakovs, Olegs"]
[Result "1-0"]
[WhiteElo "2173"]
[BlackElo "1945"]
[PlyCount "105"]
[EventDate "2018.11.18"]

1. e4 c5 2. Nf3 e6 3. Be2 Nc6 4. O-O Qc7 5. Nc3 a6 6. d4 cxd4 7. Nxd4 Nf6 8.
Kh1 Be7 9. f4 d6 10. Bf3 Nd7 11. Be3 O-O 12. a4 Rb8 13. Qd2 Nxd4 14. Bxd4 b6
15. Rae1 Bb7 16. e5 dxe5 17. fxe5 Bb4 18. Bxb7 Rxb7 19. Qe2 Bxc3 20. Bxc3 b5
21. Rf4 Nc5 22. axb5 axb5 23. Rd4 Rd8 24. Rxd8+ Qxd8 25. Bb4 Qc7 26. Rd1 Nd7
27. Bd6 Qc6 28. Ra1 g6 29. h3 Nb6 30. Qf2 Nc8 31. Bb4 Rc7 32. c3 Qd5 33. Qf6
Nb6 34. Bd6 Rd7 35. Qf3 h5 36. Qxd5 Nxd5 37. Ra8+ Kg7 38. Rb8 b4 39. Bxb4 Nxb4
40. Rxb4 f6 41. Rd4 Rb7 42. exf6+ Kxf6 43. b4 e5 44. Rd2 Rc7 45. Rc2 Rc4 46.
Kg1 Kf5 47. Kf2 Ke4 48. Ke2 g5 49. Kd2 g4 50. b5 Kd5 51. Rb2 gxh3 52. gxh3 Kc5
53. b6 1-0

[Event "28th WSCC2018 - Open 65+"]
[Site "Bled"]
[Date "2018.11.19"]
[Round "2.47"]
[White "Siegmund, Rainer"]
[Black "Acosta, Mariano"]
[Result "1-0"]
[WhiteElo "2102"]
[BlackElo "1721"]
[Annotator "uporabnik"]
[PlyCount "63"]
[EventDate "2018.11.18"]

1. d4 Nf6 2. c4 g6 3. Nc3 Bg7 4. e4 d6 5. f4 O-O 6. Nf3 c5 7. d5 e6 8. Be2 Na6
9. O-O exd5 10. cxd5 Nc7 11. a4 b6 12. Re1 a6 13. e5 dxe5 14. d6 Ne6 15. fxe5
Ng4 16. Bc4 Bb7 17. Bd5 Rb8 18. Bxb7 Rxb7 19. h3 Nh6 20. Qd5 Rd7 21. Ne4 Nf5
22. Bg5 Qa8 23. Qxa8 Rxa8 24. Nf6+ Bxf6 25. Bxf6 h6 26. Rad1 Kh7 27. Kf2 g5 28.
g4 Nfd4 29. Rd2 Nc6 30. Kg3 Kg6 31. h4 gxh4+ 32. Bxh4 {...50} 1-0

[Event "28th WSCC2018 - Open 65+"]
[Site "Bled"]
[Date "2018.11.19"]
[Round "2.48"]
[White "Norman, Kenneth I"]
[Black "Webster, Jim J"]
[Result "1-0"]
[WhiteElo "2099"]
[BlackElo "1730"]
[PlyCount "69"]
[EventDate "2018.11.18"]

1. Nf3 c5 2. c4 Nc6 3. d4 cxd4 4. Nxd4 g6 5. e4 Bg7 6. Be3 Nf6 7. Nc3 O-O 8.
Be2 d6 9. O-O Bd7 10. Qd2 Nxd4 11. Bxd4 Bc6 12. f3 Nd7 13. Be3 Nc5 14. Rab1 a5
15. b3 Qd7 16. Rfd1 Rfd8 17. Bf1 b6 18. Bd4 Bf8 19. Qf2 Qb7 20. a3 Rdb8 21. b4
axb4 22. axb4 Ne6 23. Be3 Bg7 24. Nd5 b5 25. cxb5 Bxb5 26. Bxb5 Qxb5 27. Nxe7+
Kf8 28. Nd5 Rc8 29. Qd2 Rd8 30. Qd3 Qb7 31. Rdc1 Rac8 32. f4 Rxc1+ 33. Rxc1 Kg8
34. f5 Nf8 35. f6 1-0

[Event "28th WSCC2018 - Open 65+"]
[Site "Bled"]
[Date "2018.11.19"]
[Round "2.49"]
[White "Tveten, Per"]
[Black "Ofstad, Per"]
[Result "0-1"]
[WhiteElo "1500"]
[BlackElo "2064"]
[PlyCount "62"]
[EventDate "2018.11.18"]

1. e4 d5 2. exd5 Qxd5 3. Nc3 Qa5 4. Nf3 Nf6 5. g3 c6 6. Bg2 Bf5 7. O-O e6 8. d4
Bd6 9. Bd2 Qc7 10. Re1 Nbd7 11. h3 O-O-O 12. Nh4 Bg6 13. Qf3 Rhe8 14. Bg5 h6
15. Bxf6 gxf6 16. Ne4 Bxe4 17. Qxe4 Rg8 18. Qh7 Rdf8 19. Qxh6 Rh8 20. Qe3 f5
21. f4 Rfg8 22. Rf1 Nf6 23. Kh2 Nh5 24. Rf3 Rxg3 25. Qf2 Rhg8 26. Bh1 Bxf4 27.
Rxf4 Qxf4 28. Qxf4 Nxf4 29. Ng2 Rxh3+ 30. Kg1 Nxg2 31. Bxg2 Rhg3 0-1

[Event "28th WSCC2018 - Open 65+"]
[Site "Bled"]
[Date "2018.11.19"]
[Round "2.50"]
[White "Goncharov, Viktor"]
[Black "Schramek, Kurt"]
[Result "1/2-1/2"]
[WhiteElo "2048"]
[BlackElo "1569"]
[Annotator "uporabnik"]
[PlyCount "81"]
[EventDate "2018.11.18"]

1. d4 Nf6 2. Nf3 e6 3. g3 c5 4. c4 cxd4 5. Nxd4 Nc6 6. Bg2 Bb4+ 7. Nc3 O-O 8.
O-O Bxc3 9. bxc3 d5 10. Bg5 h6 11. Bxf6 Qxf6 12. cxd5 exd5 13. Bxd5 Rd8 14.
Bxc6 bxc6 15. Qc1 c5 16. Nb3 Bh3 17. Re1 Qc6 18. f3 Re8 19. e4 Rad8 20. Qe3 Rd6
21. Rad1 Red8 22. Rxd6 Qxd6 23. Kf2 a5 24. Qxc5 Qxc5+ 25. Nxc5 Rc8 26. Nb7 Rxc3
27. Re3 Rc2+ 28. Re2 Rxe2+ 29. Kxe2 Be6 30. a3 a4 31. Kd3 Bd7 32. Kc4 Kf8 33.
Nc5 Bc6 34. f4 f6 35. Kd4 Ke7 36. e5 fxe5+ 37. Kxe5 Bb5 38. Ne4 Bc6 39. Nc3 Bd7
40. f5 Bc6 41. Kf4 {....82} 1/2-1/2

[Event "28th WSCC2018 - Open 65+"]
[Site "Bled"]
[Date "2018.11.19"]
[Round "2.51"]
[White "Taksrud, Vidar"]
[Black "Lee, Wing Kin"]
[Result "1-0"]
[WhiteElo "2038"]
[BlackElo "1156"]
[PlyCount "61"]
[EventDate "2018.11.18"]

1. Nc3 d5 2. e4 d4 3. Nce2 e5 4. Ng3 Nc6 5. Nf3 g6 6. Bc4 Bd6 7. d3 Na5 8. Bg5
f6 9. Bxg8 Rxg8 10. Bd2 Bg4 11. Bxa5 Qe7 12. O-O h5 13. h3 Bd7 14. c4 b6 15.
Bd2 h4 16. Nxh4 Qh7 17. Nf3 Bxh3 18. gxh3 Qxh3 19. Re1 g5 20. b4 g4 21. Nh2 Rh8
22. Qxg4 Qxh2+ 23. Kf1 Kf7 24. Ke2 Rag8 25. Qd7+ Kf8 26. Rh1 Rxg3 27. Rxh2 Rxh2
28. c5 Be7 29. cxb6 axb6 30. Bh6+ Kf7 31. Qd5+ 1-0

[Event "28th WSCC2018 - Open 65+"]
[Site "Bled"]
[Date "2018.11.19"]
[Round "2.52"]
[White "Jaksa, Cvetko"]
[Black "Kratschmer, Heinz"]
[Result "0-1"]
[WhiteElo "1897"]
[BlackElo "2035"]
[PlyCount "32"]
[EventDate "2018.11.18"]

1. b3 e5 2. e3 d5 3. Bb2 Bd6 4. f4 exf4 5. Bxg7 Qh4+ 6. g3 fxg3 7. Bg2 gxh2+ 8.
Kf1 Ne7 9. Nf3 Qg4 10. Bxh8 Nf5 11. Nc3 Ng3+ 12. Kf2 Nxh1+ 13. Qxh1 Qg3+ 14.
Kf1 c6 15. Re1 Bh3 16. e4 Qxf3# 0-1

[Event "28th WSCC2018 - Open 65+"]
[Site "Bled"]
[Date "2018.11.19"]
[Round "2.53"]
[White "Brettschneider, Karl"]
[Black "Benggawan, Undriadi"]
[Result "1/2-1/2"]
[WhiteElo "2016"]
[BlackElo "1594"]
[PlyCount "66"]
[EventDate "2018.11.18"]

1. c4 e5 2. Nc3 Nf6 3. g3 Bb4 4. Bg2 Bxc3 5. bxc3 d6 6. d3 h6 7. e4 O-O 8. Ne2
Nh7 9. O-O Nc6 10. Be3 Be6 11. Rb1 Rb8 12. f4 f5 13. Qa4 a6 14. Rfd1 Bd7 15.
Qc2 Nf6 16. exf5 Bxf5 17. h3 h5 18. Kh2 Qe8 19. Qd2 Kh8 20. Rb2 b6 21. Rf1 Bd7
22. Ng1 Ne7 23. Nf3 Nf5 24. fxe5 dxe5 25. Ng5 Qg6 26. Qe1 Rbe8 27. Rbf2 Nd6 28.
Qe2 Bf5 29. Rd1 Bc8 30. Nf3 e4 31. Nh4 Qh7 32. dxe4 Ndxe4 33. Bxe4 Nxe4 1/2-1/2

[Event "28th WSCC2018 - Open 65+"]
[Site "Bled"]
[Date "2018.11.19"]
[Round "2.54"]
[White "Harestad, Thor Geir"]
[Black "Rogovin, Arkadi"]
[Result "1-0"]
[WhiteElo "2239"]
[BlackElo "1867"]
[PlyCount "109"]
[EventDate "2018.11.18"]

1. c4 Nf6 2. Nc3 e5 3. g3 c6 4. d4 exd4 5. Qxd4 d5 6. Nf3 Be7 7. cxd5 cxd5 8.
Bg2 Nc6 9. Qa4 O-O 10. O-O h6 11. Rd1 Be6 12. Bf4 Qd7 13. Ne5 Nxe5 14. Bxe5
Qxa4 15. Nxa4 Rfd8 16. Nc3 Rac8 17. Bd4 b6 18. a4 Bc5 19. Bxf6 gxf6 20. Bxd5
Kg7 21. Bxe6 fxe6 22. Rxd8 Rxd8 23. Rd1 Rxd1+ 24. Nxd1 f5 25. e3 Kf6 26. Kf1
Kg5 27. h3 e5 28. Nc3 a6 29. Ke2 e4 30. Nd5 a5 31. f3 exf3+ 32. Kxf3 h5 33. Nf4
Bd6 34. h4+ Kh6 35. Nd5 Bc5 36. b3 Kg6 37. Nf4+ Kh6 38. e4 fxe4+ 39. Kxe4 Bf2
40. Kf3 Bc5 41. Ne6 Be7 42. Ke4 Bd6 43. Nf4 Bc5 44. Kf5 Bf2 45. g4 hxg4 46.
Kxg4 Be1 47. h5 Bf2 48. Kf5 Bc5 49. Ke4 Bg1 50. Kd5 Be3 51. Nd3 Kxh5 52. Ne5
Kg5 53. Nc4 Bf2 54. Kc6 Kf4 55. Nxb6 1-0

[Event "28th WSCC2018 - Open 65+"]
[Site "Bled"]
[Date "2018.11.19"]
[Round "2.55"]
[White "Vikulov, Alexander"]
[Black "Zybura, Andre"]
[Result "1-0"]
[WhiteElo "2127"]
[BlackElo "1863"]
[PlyCount "111"]
[EventDate "2018.11.18"]

1. d4 Nf6 2. c4 c5 3. d5 b5 4. cxb5 a6 5. bxa6 g6 6. Nc3 Bxa6 7. e4 Bxf1 8.
Kxf1 d6 9. g3 Bg7 10. Kg2 O-O 11. Nf3 Nbd7 12. a4 Ng4 13. Qe2 Qa5 14. Bd2 Nge5
15. Nb5 Qa6 16. Bc3 Nxf3 17. Qxf3 Bxc3 18. Qxc3 Qa5 19. Rhc1 Qxc3 20. Rxc3 Rfb8
21. Raa3 Ra5 22. Rc2 Rb7 23. f4 Nb6 24. b3 Nxd5 25. exd5 Rbxb5 26. Kf3 Rb4 27.
Re2 Kf8 28. Re4 Rxe4 29. Kxe4 e6 30. g4 f5+ 31. gxf5 gxf5+ 32. Kd3 exd5 33. Ra2
Kf7 34. Kc3 Ke6 35. Re2+ Kd7 36. Rg2 c4 37. Rg7+ Ke6 38. Rxh7 cxb3 39. Kxb3 d4
40. Rh3 Kd5 41. Rd3 Ke4 42. Rd1 d3 43. h4 Ke3 44. Rh1 d2 45. Rh3+ Ke4 46. Kc2
Rd5 47. Kd1 Kxf4 48. h5 Ra5 49. h6 Ra8 50. h7 Rh8 51. Kxd2 Ke4 52. a5 Kd5 53.
a6 Kc6 54. Ra3 Rxh7 55. a7 Rh2+ 56. Ke1 1-0

[Event "28th WSCC2018 - Open 65+"]
[Site "Bled"]
[Date "2018.11.19"]
[Round "2.56"]
[White "Frey, Armin"]
[Black "Tsynman, Boris"]
[Result "1/2-1/2"]
[WhiteElo "1859"]
[BlackElo "2074"]
[PlyCount "27"]
[EventDate "2018.11.18"]

1. f4 Nf6 2. Nf3 g6 3. b3 Bg7 4. Bb2 O-O 5. e3 d6 6. Be2 c5 7. O-O Nc6 8. c4 a6
9. Nc3 Rb8 10. Rb1 e6 11. Kh1 d5 12. Na4 b6 13. Ne5 Bb7 14. cxd5 1/2-1/2